200 Russian Biggest Cities (Updated) Quiz - Statistics

General Stats
  • This quiz has been taken 36 times
  • The average score is 113 of 200
Answer Stats
Rank Answer Population in 2021 % Correct
13. Krasnodar 1,099,344
100%
1. Moscow 13,010,112
100%
15. Perm 1,034,002
100%
9. Samara 1,173,299
100%
2. St. Petersburg 5,601,911
100%
10. Ufa 1,144,809
100%
16. Volgograd 1,028,036
100%
4. Yekaterinburg 1,544,376
100%
7. Chelyabinsk 1,189,525
94%
25. Irkutsk 617,264
94%
5. Kazan 1,308,660
94%
6. Nizhny Novgorod 1,228,199
94%
3. Novosibirsk 1,633,595
94%
12. Omsk 1,125,695
94%
43. Sochi 466,078
94%
20. Barnaul 630,877
88%
8. Krasnoyarsk 1,187,771
88%
44. Kursk 440,052
88%
71. Murmansk 270,384
88%
11. Rostov on Don 1,142,162
88%
29. Tomsk 556,478
88%
26. Vladivostok 603,519
88%
14. Voronezh 1,057,681
88%
51. Yakutsk 355,443
88%
53. Belgorod 339,978
82%
50. Ivanovo 361,644
82%
23. Khabarovsk 617,441
82%
38. Lipetsk 496,403
82%
82. Petrozavodsk 234,897
82%
17. Saratov 901,361
82%
59. Smolensk 316,570
82%
19. Tolyatti 684,709
82%
41. Tula 473,622
82%
45. Ulan-Ude 437,565
82%
52. Vladimir 349,951
82%
62. Vologda 313,944
82%
27. Yaroslavl 577,279
82%
66. Arkhangelsk 301,199
76%
40. Astrakhan 475,629
76%
80. Blagoveshchensk 241,437
76%
49. Bryansk 379,152
76%
56. Chita 334,427
76%
57. Grozny 328,533
76%
39. Kaliningrad 490,449
76%
55. Kaluga 337,058
76%
42. Kirov 468,212
76%
22. Makhachkala 623,254
76%
33. Novokuznetsk 537,480
76%
32. Orenburg 543,654
76%
65. Oryol 303,169
76%
108. Petropavlovsk-Kamchatsky 164,900
76%
34. Ryazan 528,599
76%
74. Tambov 261,803
76%
46. Tver 416,219
76%
18. Tyumen 847,488
76%
24. Ulyanovsk 617,352
76%
100. Yuzhno-Sakhalinsk 181,587
76%
90. Angarsk 221,296
71%
35. Balashikha 520,962
71%
88. Bratsk 224,071
71%
37. Cheboksary 497,807
71%
64. Cherepovets 305,185
71%
148. Cherkessk 113,226
71%
163. Elista 102,583
71%
21. Izhevsk 623,472
71%
81. Komsomolsk on Amur 238,505
71%
47. Magnitogorsk 410,594
71%
77. Nalchik 247,054
71%
94. Orsk 189,195
71%
36. Penza 501,109
71%
93. Pskov 193,082
71%
61. Saransk 314,871
71%
31. Stavropol 547,443
71%
91. Syktyvkar 220,580
71%
78. Taganrog 245,120
71%
67. Vladikavkaz 295,830
71%
97. Abakan 184,769
65%
96. Armavir 187,177
65%
85. Engels 225,428
65%
28. Kemerovo 557,119
65%
75. Khimki 257,128
65%
63. Kurgan 310,911
65%
133. Kyzyl 125,241
65%
121. Maykop 143,385
65%
30. Naberezhnye Chelny 548,434
65%
54. Nizhny Tagil 338,966
65%
105. Norilsk 174,453
65%
73. Novorossiysk 262,293
65%
60. Podolsk 314,934
65%
70. Sterlitamak 277,410
65%
86. Velikiy Novgorod 224,286
65%
58. Volzhsky 321,479
65%
69. Yoshkar-Ola 281,248
65%
99. Biysk 183,852
59%
134. Derbent 124,953
59%
72. Kostroma 267,481
59%
87. Lyubertsy 224,195
59%
181. Magadan 90,757
59%
76. Mytishchi 255,429
59%
79. Nizhnekamsk 241,479
59%
119. Pyatigorsk 146,473
59%
104. Rybinsk 177,295
59%
84. Shakhty 226,452
59%
89. Stary Oskol 221,676
59%
98. Balakovo 184,466
53%
115. Domodedovo 152,404
53%
92. Dzerzhinsk 218,630
53%
120. Elektrostal 146,403
53%
155. Khanty-Mansiysk 107,473
53%
129. Kislovodsk 127,521
53%
95. Krasnogorsk 187,634
53%
117. Miass 147,995
53%
110. Novocherkassk 163,674
53%
151. Pushkino 110,868
53%
116. Salavat 148,575
53%
102. Ussuriysk 180,393
53%
106. Volgodonsk 168,048
53%
112. Zlatoust 161,774
53%
152. Artyom 109,556
47%
109. Kamensk-Uralsky 164,192
47%
118. Kopeysk 147,806
47%
83. Korolyov 228,095
47%
122. Nakhodka 139,931
47%
136. Nazran 122,350
47%
135. Nefteyugansk 124,732
47%
68. Nizhnevartovsk 283,256
47%
139. Novocheboksarsk 120,375
47%
140. Novomoskovsk 119,697
47%
161. Novoshakhtinsk 103,480
47%
113. Severodvinsk 157,213
47%
107. Syzran 165,725
47%
111. Almetyevsk 163,512
41%
130. Bataysk 126,988
41%
150. Dimitrovgrad 110,968
41%
138. Dolgoprudny 120,907
41%
137. Kaspiysk 121,140
41%
114. Khasavyurt 155,144
41%
124. Kolomna 134,850
41%
127. Kovrov 132,417
41%
128. Neftekamsk 131,942
41%
168. Noyabrsk 100,188
41%
143. Oktyabrsky 115,557
41%
147. Reutov 113,871
41%
131. Rubtsovsk 126,834
41%
48. Surgut 396,443
41%
173. Zheleznogorsk 97,038
41%
197. Zheleznogorsk 82,723
41%
149. Zhukovsky 111,222
41%
123. Berezniki 138,069
35%
176. Gatchina 94,377
35%
186. Klin 88,511
35%
156. Novy Urengoy 107,251
35%
132. Obninsk 125,376
35%
101. Odintsovo 180,530
35%
158. Orekhovo-Zuyevo 105,745
35%
145. Pervouralsk 114,450
35%
103. Prokopyevsk 177,819
35%
125. Shchyolkovo 134,211
35%
190. Velikiye Luki 86,711
35%
169. Yelets 99,875
35%
141. Yessentuki 119,658
35%
170. Zelenodolsk 99,137
35%
159. Arzamas 104,908
29%
188. Glazov 87,762
29%
192. Gubkin 85,225
29%
153. Kamyshin 107,927
29%
179. Leninsk-Kuznetsky 92,244
29%
146. Mikhaylovsk 114,133
29%
142. Nevinnomyssk 117,562
29%
144. Ramenskoye 114,537
29%
180. Sarapul 91,115
29%
164. Sergiyev Posad 101,756
29%
126. Serpukhov 133,793
29%
167. Tobolsk 100,352
29%
172. Votkinsk 97,471
29%
194. Yeysk 82,943
29%
199. Anapa 81,863
24%
198. Azov 81,924
24%
162. Berdsk 102,850
24%
200. Bugulma 81,677
24%
187. Buzuluk 88,341
24%
191. Kamensk-Shakhtinsky 86,365
24%
189. Kansk 86,816
24%
160. Noginsk 103,891
24%
178. Sarov 93,357
24%
177. Serov 94,211
24%
185. Chekhov 89,025
18%
193. Kiselyovsk 83,431
18%
196. Lobnya 82,764
18%
182. Michurinsk 90,451
18%
154. Murom 107,497
18%
157. Seversk 106,648
18%
166. Achinsk 100,621
12%
174. Mezhdurechensk 96,174
12%
184. Murino 89,083
12%
171. Novokuybyshevsk 98,306
12%
183. Solikamsk 89,473
12%
165. Vidnoye 101,490
12%
175. Voskresensk 95,495
12%
195. Ivanteyevka 82,827
0%
No matching quizzes found
Score Distribution
Percent of People with Each Score
Percentile by Number Answered
Your Score History
You have not taken this quiz